| 000 | 00451nam a2200181Ia 4500 | ||
|---|---|---|---|
| 001 | 24573 | ||
| 005 | 20260414151052.0 | ||
| 008 | 260414t2012||||xx |||||||||||||| ||spa|| | ||
| 041 | _aESP | ||
| 082 |
_a345.721 _bB141 V. 19 |
||
| 100 |
_aPuglianini Guerra, Luis _eAUT |
||
| 245 | 0 |
_aArbitraje : _bla relación partes-árbitro |
|
| 260 | _c2012 | ||
| 300 |
_a253 páginas : _c24 cm. |
||
| 650 | _aDER | ||
| 654 | _aCDE | ||
| 942 |
_cLIB _dJUS _fJUS _2ddc _n |
||
| 999 |
_c24573 _d24573 |
||